000 01389nab a22002657a 4500
999 _c5375
_d5375
003 OSt
005 20250306130208.0
008 190603e xxum|||| |||| 00| 0 spa d
040 _cPJ
100 _96050
_aWayar, Federico C.
245 1 0 _aForma de los contratos /
_cFederico C. Wayar.
260 _cCiudad Autónoma de Buenos Aires :
_aThomson Reuters La Ley,
_b2024.
300 _ap. 205-215
500 _aCita Online: TR LALEY AR/DOC/1629/2024.
505 _aSumario: I. La forma esencial de validez de las declaraciones contractuales.— II. La forma y las nuevas tecnologías de la información. Instrumentos electrónicos, digitales y soportes audiovisuales.— III. Contratos formales.— IV. Contratos no formales.— V. La solemnidad relativa del art. 1017.— VI. La conversión del negocio jurídico.— VII. El juicio de escrituración y de otorgamiento pendiente de la forma.
505 _t¿Te interesa el texto completo? Solicitalo al correo: koha@justierradelfuego.gov.ar
650 0 _93463
_aCONTRATOS
650 0 _9289
_aTECNOLOGIA DE LA INFORMACION
650 0 _93456
_aESCRITURACION
650 0 _93413
_aBOLETO DE COMPRAVENTA
653 _aFORMA DEL CONTRATO
653 _aFORMA ESCRITA
773 0 _02713
_93170
_dCiudad Autónoma de Buenos Aires : Thomson Reuters La Ley, 2015-
_tRevista Código Civil y Comercial. Nº 4 - Agosto 2024
942 _2udc
_cANA